| 000 | 00953nam0a22003011 4500 | ||
|---|---|---|---|
| 001 | v19\rc\1457983 | ||
| 005 | 20250618142752.0 | ||
| 035 | _a(NLR Aleph) 004596721 | ||
| 090 |
_a2730773 _c2730773 |
||
| 100 | _a20060620d1894 |||y0rusy50 ca | ||
| 101 | 0 | _arus | |
| 102 | _aRU | ||
| 105 | _ac z ||||| | ||
| 200 | 1 |
_aПоход в Хиву и ее покорение _fА.Г. Шиле |
|
| 205 | _a2-е изд. | ||
| 210 |
_aСанкт-Петербург _cМ.М. Ледерле и К° _d1894 |
||
| 215 |
_a40 с., 1 л. фронт. (портр.) _d21 |
||
| 300 | _aПеред загл. авт.: А.Г. Шиле | ||
| 700 | 1 |
_aШиле _bА.Г. _f1842-1919 _gАделаида Гавриловна |
|
| 801 | 0 |
_aRU _bNLR _gpsbo |
|
| 801 | 0 |
_aRU _bRuMoRGB _2psbo |
|
| 801 | 1 |
_aRU _bProSoft-M _2rusmarc |
|
| 852 |
_aNLR _j18.130.3.205(2) |
||
| 899 |
_aRuMoRGB _jA 227/1295 |
||
| 899 |
_aRuMoRGB _jΔ 365/494 |
||
| 899 | _aБАН | ||
| 942 | _cBOOK | ||
| 980 | _aNB | ||